000 00316nam a22001337a 4500
008 170622b xxu||||| |||| 00| 0 eng d
020 _a9780813344355
041 _aeng
080 _a32
100 _a20
101 _aSHP
245 _aTHE UNITED NATIONS AND CHANGING WORLD POLITICS
_cWEISS, TH.G
942 _2udc
_cBK
999 _c18759
_d18759